SISTEMA DE BIBLIOTECAS
Carmen Mendoza De Cornielle

Crónicas Selectas / (Registro nro. 18286)

Detalles MARC
000 -CABECERA
campo de control de longitud fija 01928nam a2200253 i 4500
001 - NÚMERO DE CONTROL
campo de control 18286
003 - IDENTIFICADOR DEL NÚMERO DE CONTROL
campo de control DO-SdUEMH
005 - FECHA Y HORA DE LA ÚLTIMA TRANSACCIÓN
campo de control 20260106141643.0
007 - CAMPO FIJO DE DESCRIPCIÓN FÍSICA--INFORMACIÓN GENERAL
campo de control de longitud fija ta
008 - DATOS DE LONGITUD FIJA--INFORMACIÓN GENERAL
campo de control de longitud fija 260106s2021 dr |||gr|||| 00| 0aspa d
020 ## - NÚMERO INTERNACIONAL ESTÁNDAR DEL LIBRO
Número Internacional Estándar del Libro 9789945097122
040 ## - FUENTE DE LA CATALOGACIÓN
Centro catalogador/agencia de origen DO-SdUEMH
Lengua de catalogación spa
Normas de descripción rda
041 ## - CÓDIGO DE LENGUA
Código de lengua del texto/banda sonora o título independiente spa
082 14 - NÚMERO DE LA CLASIFICACIÓN DECIMAL DEWEY
Colección Colección Dominicana
Número de documento/Ítem M671
245 ## - MENCIÓN DE TÍTULO
Título Crónicas Selectas /
Mención de responsabilidad, etc. Pedro Mir
264 #1 - PRODUCCIÓN, PUBLICACIÓN, DISTRIBUCIÓN, FABRICACIÓN Y COPYRIGHT
Lugar de producción, publicación, distribución, fabricación Santo Domingo, República Dominicana :
Nombre del de productor, editor, distribuidor, fabricante Universitaria de la Universidad Autónoma de Santo Domingo (UASD),
Fecha de producción, publicación, distribución, fabricación o copyright ©2021
264 #4 - PRODUCCIÓN, PUBLICACIÓN, DISTRIBUCIÓN, FABRICACIÓN Y COPYRIGHT
Fecha de producción, publicación, distribución, fabricación o copyright 2021
300 ## - DESCRIPCIÓN FÍSICA
Extensión 171 páginas :
Dimensiones 23 cm.
336 ## - TIPO DE CONTENIDO
Fuente rdacontent
Término de tipo de contenido texto
Código de tipo de contenido txt
337 ## - TIPO DE MEDIO
Fuente rdamedia
Nombre del tipo de medio sin mediación
Código del tipo de medio n
338 ## - TIPO DE SOPORTE
Fuente rdacarrier
Nombre del tipo de soporte volumen
Código del tipo de soporte nc
505 #2 - NOTA DE CONTENIDO CON FORMATO
Nota de contenido con formato Crónica sobre unas crónicas -- La Poesía: cuestión de Estado -- Hombros y Hombres o las angustias de una desnudez -- Teoría de la muerte: Notas sobre una ciudad y un poeta -- La importancia de llamarse Bosie -- Apuntes sobre la lectura con una adivinanza al final -- Travesuras o travesía del Misisipi al Higuamo -- Cervantes y Don Quijote: un contrapunto -- Platero y el asno de San José -- Nocturno -- Gastón F. Deligne: manual del joven poeta -- Dos pasos hacia la evocación -- De notas y de noticias -- Introducción a la gloria -- Amor por tres naranjas -- Variaciones sobre un tema antiguo -- El común denominador -- Variante -- Incursión en los terrenos de la Geometría Plana -- Papillón -- Centenario de Beethoven -- Hacia una visión andina de la Cordillera Central -- Réquiem para una Modistilla -- De importancias y exportancias -- Obertura fantástica -- El árbol como auditorio y como escenario -- El día en que se aburrió Juan Pablo -- Entre dos tiempos gramaticales -- Dos mil y una noches -- Picasso como paradoja -- El último Neruda -- Julia del agua o de Puerto Rico -- El poema y la máquina -- Un capítulo final: mi amigo el poeta -- La mancha de Don Quijote -- Alalia -- Afasia.
942 ## - ELEMENTOS DE PUNTO DE ACCESO ADICIONAL (KOHA)
Fuente del sistema de clasificación o colocación Dewey Decimal Classification
Suprimir en OPAC No
Tipo de ítem Koha Libro
Existencias
Estado de retiro Estado de pérdida Fuente del sistema de clasificación o colocación Estado dañado Disponibilidad para préstamo Código de colección Localización permanente Ubicación/localización actual Fecha de adquisición Fuente de adquisición Total de préstamos Signatura topográfica completa Fecha visto por última vez Número de copia Precio válido a partir de Tipo de ítem Koha
    Dewey Decimal Classification   Disponible para préstamo Colección Dominicana UNIREMHOS SEDE UNIREMHOS SEDE 01/06/2026 Donación   RD 01/06/2026 ej. 1 01/06/2026 Libro
    Dewey Decimal Classification   Disponible para préstamo Colección Dominicana UNIREMHOS SEDE UNIREMHOS SEDE 01/06/2026 Donación   RD 01/06/2026 ej. 2 01/06/2026 Libro
    Dewey Decimal Classification   Disponible para préstamo Colección Dominicana UNIREMHOS SEDE UNIREMHOS SEDE 01/06/2026 Donación   RD 01/06/2026 ej. 3 01/06/2026 Libro
    Dewey Decimal Classification   Disponible para préstamo Colección Dominicana UNIREMHOS SEDE UNIREMHOS SEDE 01/06/2026 Donación   RD 01/06/2026 ej. 4 01/06/2026 Libro
UNIREMHOS

Av. Abraham Lincoln no. 126, casi esq. José Contreras,
Santo Domingo, República Dominicana

Correo: info@uniremhos.edu.do

Tel.: (809) 532-3739

Horario: Lunes a Viernes: 8:00 am - 6:00 pm | Sábados: 8:00 am - 12:00 m

📍 Ubicación
UNEFA

Av. 27 de Febrero no. 52, El Vergel,
Santo Domingo, República Dominicana

Tel.: (809) 530-0224

📍 Ubicación
UFHEC

Av. Máximo Gómez esq. César Nicolás Penson, La Esperilla,
Santo Domingo, República Dominicana

Tel.: (809) 537-6000

📍 Ubicación